00594 2200217 4500001002100000005001700021008004100038020001800079035002500097040001200122082001100134084002000145100001200165245004200177250001100219260004000230300003700270650004000307850001200347990001700359INLIS00000000000793320150709142846.0  a979-1136-75-4 a0010-071500000000616 aYOPDYOG a005.52 aPK 005.52 Ret M aRetna G aMicrosoft Office Word 2007 /cRetna G aCet. 1 aKlatenbSoko Mitro Kompetindoc2008 avii, 160 Hlm. :bIlus. ;c23 Cm. aMicrosoft office [Program komputer] aYOPDYOG a5738-PK/B.10